Normal view
MARC view
- THIOLA,F.MOHIO
Entry Personal Name
001 - CONTROL NUMBER
- control field: 133708
003 - CONTROL NUMBER IDENTIFIER
- control field: NUST
005 - DATE AND TIME OF LATEST TRANSACTION
- control field: 20260313213818.0
008 - FIXED-LENGTH DATA ELEMENTS
- fixed length control field: 260313|| aca||aabn | a|a d
040 ## - CATALOGING SOURCE
- Original cataloging agency: NUST
- Transcribing agency: NUST
100 ## - HEADING--PERSONAL NAME
- Personal name: THIOLA,F.MOHIO
670 ## - SOURCE DATA FOUND
- Source citation: Work cat.: (NUST): THIOLA,F.MOHIO., STUDENTS & SOLUTIONS /
